| 000 -LEADER |
| fixed length control field |
01073nam a2200241Ia 4500 |
| 001 - CONTROL NUMBER |
| control field |
9988 |
| 003 - CONTROL NUMBER IDENTIFIER |
| control field |
GE_BSU |
| 008 - FIXED-LENGTH DATA ELEMENTS--GENERAL INFORMATION |
| fixed length control field |
181216s||||||||xx |||||||||||||| ||und|| |
| 040 ## - CATALOGING SOURCE |
| Transcribing agency |
GE_BSU |
| 080 ## - UNIVERSAL DECIMAL CLASSIFICATION NUMBER |
| Universal Decimal Classification number |
821.353.1–13 |
| 100 ## - MAIN ENTRY--PERSONAL NAME |
| Personal name |
რუსთაველი,შოთა |
| 245 ## - TITLE STATEMENT |
| Title |
ვეფხისტყაოსანი |
| 245 ## - TITLE STATEMENT |
| Remainder of title |
პოემა |
| 245 ## - TITLE STATEMENT |
| Statement of responsibility, etc. |
სარედ.კოლ.ი.აბულაძე და სხვ.წინასიტყვ.ავტ.პავლე ინგოროყვა,მხატვ.ირაკლი თოიძე,ლ.გრიგოლია,ლ.ქუთათელაძე |
| 260 ## - PUBLICATION, DISTRIBUTION, ETC. |
| Place of publication, distribution, etc. |
თბილისი |
| 260 ## - PUBLICATION, DISTRIBUTION, ETC. |
| Name of publisher, distributor, etc. |
სახუნტის გამ–ბა |
| 260 ## - PUBLICATION, DISTRIBUTION, ETC. |
| Date of publication, distribution, etc. |
1937 |
| 300 ## - PHYSICAL DESCRIPTION |
| Extent |
339გვ.18ჩართ. ფურც.პორტრ. და ილ.27სმ. |
| 520 ## - SUMMARY, ETC. |
| Summary, etc. |
დამატ. თავფურც.რუსულ და ფრანგულ ენებზე |
| 653 ## - INDEX TERM--UNCONTROLLED |
| Uncontrolled term |
ვეფხისტყაოსანი |
| 653 ## - INDEX TERM--UNCONTROLLED |
| Uncontrolled term |
პოემა |
| 942 ## - ADDED ENTRY ELEMENTS (KOHA) |
| Koha item type |
წიგნი |